El legado de Chernobil /
שמור ב:
| מחבר ראשי: | |
|---|---|
| פורמט: | ספר |
| שפה: | ספרדית |
| יצא לאור: |
Barcelona, España :
Pomares,
1991, c1991
|
| סדרה: | (Ecología y Medio Ambiente)
|
| נושאים: | |
| תגים: |
אין תגיות, היה/י הראשונ/ה לתייג את הרשומה!
|
MARC
| LEADER | 00000nam^a2200000^a^4500 | ||
|---|---|---|---|
| 001 | 000146486 | ||
| 005 | 20250521000000.0 | ||
| 009 | 20260310095911.823 | ||
| 020 | |a 84-87682-04-9 | ||
| 037 | |a Acervo ITESO - Biblioteca | ||
| 041 | |a ESP | ||
| 082 | |a 628. 53509470854 |b MED | ||
| 100 | |a Medvedev, Zhores A. |e (autor) | ||
| 245 | 1 | 3 | |a El legado de Chernobil / |c Z.A. Medvedev ; tr. por Joseph M. Apfelbäume. |
| 264 | 4 | |a Barcelona, España : |b Pomares, |c 1991, c1991 | |
| 300 | |a 397 p. | ||
| 336 | |a texto |b txt |2 rdacontenido | ||
| 337 | |a sin mediación |b n |2 rdamedio | ||
| 338 | |a volumen |b nc |2 rdasoporte | ||
| 440 | 1 | |a (Ecología y Medio Ambiente) | |
| 500 | |a Traducción de: The Legacy of Chernobil | ||
| 649 | |a XX | ||
| 650 | |a Plantas Nucleares - |z Chernobil, Rusia | ||
| 650 | |a Plantas Nucleares - |z Rusia | ||
| 650 | |a Desastres Nucleares - |z Chernobil, Ucrania | ||
| 650 | |a Desastres Nucleares - |z Rusia | ||
| 650 | |a Contaminación Ambiental - |z Chernobil, Rusia | ||
| 650 | |a Contaminación Ambiental - |z Rusia | ||
| 650 | |a Armas Nucleares - |z Rusia | ||
| 650 | |a Política Energética - |z Rusia | ||
| 650 | |a Energía Nuclear - |z Rusia | ||
| 650 | |a Ecología | ||
| 650 | |a Ingeniería Ambiental | ||
| 910 | |a Fondo General | ||
| 920 | |a Impresos - Libros | ||
| 930 | |a Colección General | ||
| 905 | |a 101 | ||
| 901 | |a 0500075847 |b IT1 |c ACC |u 20250521 | ||
| 902 | |a https://opac.biblio.iteso.mx/vufind/Record/000146486 | ||